<?xml version="1.0" encoding="UTF-8"?>
<record
    xmlns:xsi="http://www.w3.org/2001/XMLSchema-instance"
    xsi:schemaLocation="http://www.loc.gov/MARC21/slim http://www.loc.gov/standards/marcxml/schema/MARC21slim.xsd"
    xmlns="http://www.loc.gov/MARC21/slim">

  <leader>     nas a22     7a 4500</leader>
  <datafield tag="999" ind1=" " ind2=" ">
    <subfield code="c">138898</subfield>
    <subfield code="d">138896</subfield>
  </datafield>
  <controlfield tag="005">20180306115735.0</controlfield>
  <controlfield tag="008">180306s19999999-mxz||p| |||| 00| a1spa d</controlfield>
  <datafield tag="022" ind1=" " ind2=" ">
    <subfield code="a">14059274</subfield>
  </datafield>
  <datafield tag="050" ind1="0" ind2="4">
    <subfield code="a">F1219</subfield>
    <subfield code="b">D47 2000</subfield>
  </datafield>
  <datafield tag="245" ind1="0" ind2="0">
    <subfield code="a">Desacatos :</subfield>
    <subfield code="b">Revista de antropolog&#xED;a social.</subfield>
  </datafield>
  <datafield tag="260" ind1=" " ind2=" ">
    <subfield code="a">M&#xE9;xico : </subfield>
    <subfield code="b">CIESAS,,</subfield>
    <subfield code="c">2000</subfield>
  </datafield>
  <datafield tag="310" ind1=" " ind2=" ">
    <subfield code="a">Cuatro veces al a&#xF1;o</subfield>
  </datafield>
  <datafield tag="362" ind1="0" ind2=" ">
    <subfield code="a">N&#xFA;mero 3 (primavera, 2000)</subfield>
  </datafield>
  <datafield tag="500" ind1=" " ind2=" ">
    <subfield code="a">T&#xED;tulo tomado de la cubierta.</subfield>
  </datafield>
  <datafield tag="500" ind1=" " ind2=" ">
    <subfield code="a">Cada n&#xFA;mero tiene un t&#xED;tulo distintivo.</subfield>
  </datafield>
  <datafield tag="550" ind1=" " ind2=" ">
    <subfield code="a">Publicaci&#xF3;n del Centro de Investigaciones y Estudios Superiores en Antropolog&#xED;a Social</subfield>
  </datafield>
  <datafield tag="555" ind1=" " ind2=" ">
    <subfield code="a">No. 3 (primavera, 2000)-</subfield>
  </datafield>
  <datafield tag="588" ind1=" " ind2=" ">
    <subfield code="a">Descripci&#xF3;n basada en No. 3 (primavera, 2000)-</subfield>
  </datafield>
  <datafield tag="650" ind1=" " ind2="2">
    <subfield code="a">Etnolog&#xED;a.</subfield>
    <subfield code="v">Publicaciones seriadas.</subfield>
  </datafield>
  <datafield tag="650" ind1=" " ind2="2">
    <subfield code="a">Antropolog&#xED;a.</subfield>
  </datafield>
  <datafield tag="710" ind1="2" ind2=" ">
    <subfield code="a">Centro de Investigaciones y Estudios Superiores en Antropolog&#xED;a Social (M&#xE9;xico)</subfield>
  </datafield>
  <datafield tag="942" ind1=" " ind2=" ">
    <subfield code="2">lcc</subfield>
    <subfield code="c">REV</subfield>
  </datafield>
  <datafield tag="952" ind1=" " ind2=" ">
    <subfield code="1">0</subfield>
    <subfield code="2">lcc</subfield>
    <subfield code="4">0</subfield>
    <subfield code="7">1</subfield>
    <subfield code="a">LIC-047</subfield>
    <subfield code="b">LIC-047</subfield>
    <subfield code="c">CONSULTA</subfield>
    <subfield code="d">2018-03-06</subfield>
    <subfield code="f">1a. ed.</subfield>
    <subfield code="h">N:3</subfield>
    <subfield code="k">CS</subfield>
    <subfield code="o">F1219 D47 2000</subfield>
    <subfield code="p">RBFP000000420</subfield>
    <subfield code="r">2018-03-06 00:00:00</subfield>
    <subfield code="t">1</subfield>
    <subfield code="y">REV</subfield>
  </datafield>
  <datafield tag="952" ind1=" " ind2=" ">
    <subfield code="1">0</subfield>
    <subfield code="2">lcc</subfield>
    <subfield code="4">0</subfield>
    <subfield code="7">1</subfield>
    <subfield code="a">LIC-047</subfield>
    <subfield code="b">LIC-047</subfield>
    <subfield code="c">CONSULTA</subfield>
    <subfield code="d">2018-03-06</subfield>
    <subfield code="f">1a. ed.</subfield>
    <subfield code="h">N:6</subfield>
    <subfield code="k">CS</subfield>
    <subfield code="o">F1219 D47 2001</subfield>
    <subfield code="p">RBFP000000421</subfield>
    <subfield code="r">2018-03-06 00:00:00</subfield>
    <subfield code="t">1</subfield>
    <subfield code="y">REV</subfield>
  </datafield>
  <datafield tag="952" ind1=" " ind2=" ">
    <subfield code="1">0</subfield>
    <subfield code="2">lcc</subfield>
    <subfield code="4">0</subfield>
    <subfield code="7">1</subfield>
    <subfield code="a">LIC-047</subfield>
    <subfield code="b">LIC-047</subfield>
    <subfield code="c">CONSULTA</subfield>
    <subfield code="d">2018-03-06</subfield>
    <subfield code="f">1a. ed.</subfield>
    <subfield code="h">N.7</subfield>
    <subfield code="k">CS</subfield>
    <subfield code="o">F1219 D47 2001</subfield>
    <subfield code="p">RBFP000000422</subfield>
    <subfield code="r">2018-03-06 00:00:00</subfield>
    <subfield code="t">1</subfield>
    <subfield code="y">REV</subfield>
  </datafield>
  <datafield tag="952" ind1=" " ind2=" ">
    <subfield code="1">0</subfield>
    <subfield code="2">lcc</subfield>
    <subfield code="4">0</subfield>
    <subfield code="7">1</subfield>
    <subfield code="a">LIC-047</subfield>
    <subfield code="b">LIC-047</subfield>
    <subfield code="c">CONSULTA</subfield>
    <subfield code="d">2018-03-06</subfield>
    <subfield code="f">1a. ed.</subfield>
    <subfield code="h">N:8</subfield>
    <subfield code="k">CS</subfield>
    <subfield code="o">F1219 D47 2001</subfield>
    <subfield code="p">RBFP000000423</subfield>
    <subfield code="r">2018-03-06 00:00:00</subfield>
    <subfield code="t">1</subfield>
    <subfield code="y">REV</subfield>
  </datafield>
  <datafield tag="952" ind1=" " ind2=" ">
    <subfield code="1">0</subfield>
    <subfield code="2">lcc</subfield>
    <subfield code="4">0</subfield>
    <subfield code="7">1</subfield>
    <subfield code="a">LIC-047</subfield>
    <subfield code="b">LIC-047</subfield>
    <subfield code="c">CONSULTA</subfield>
    <subfield code="d">2018-03-06</subfield>
    <subfield code="f">1a. ed.</subfield>
    <subfield code="h">N:9</subfield>
    <subfield code="k">CS</subfield>
    <subfield code="o">F1219 D47 2002</subfield>
    <subfield code="p">RBFP000000424</subfield>
    <subfield code="r">2018-03-06 00:00:00</subfield>
    <subfield code="t">1</subfield>
    <subfield code="y">REV</subfield>
  </datafield>
  <datafield tag="952" ind1=" " ind2=" ">
    <subfield code="1">0</subfield>
    <subfield code="2">lcc</subfield>
    <subfield code="4">0</subfield>
    <subfield code="7">1</subfield>
    <subfield code="a">LIC-047</subfield>
    <subfield code="b">LIC-047</subfield>
    <subfield code="c">CONSULTA</subfield>
    <subfield code="d">2018-03-06</subfield>
    <subfield code="f">1a. ed.</subfield>
    <subfield code="h">N:10</subfield>
    <subfield code="k">CS</subfield>
    <subfield code="o">F1219 D47 2002</subfield>
    <subfield code="p">RBFP000000425</subfield>
    <subfield code="r">2018-03-06 00:00:00</subfield>
    <subfield code="t">1</subfield>
    <subfield code="y">REV</subfield>
  </datafield>
  <datafield tag="952" ind1=" " ind2=" ">
    <subfield code="1">0</subfield>
    <subfield code="2">lcc</subfield>
    <subfield code="4">0</subfield>
    <subfield code="7">1</subfield>
    <subfield code="a">LIC-047</subfield>
    <subfield code="b">LIC-047</subfield>
    <subfield code="c">CONSULTA</subfield>
    <subfield code="d">2018-03-06</subfield>
    <subfield code="f">1a. ed.</subfield>
    <subfield code="h">N:11</subfield>
    <subfield code="k">CS</subfield>
    <subfield code="o">F1219 D47 2003</subfield>
    <subfield code="p">RBFP000000426</subfield>
    <subfield code="r">2018-03-06 00:00:00</subfield>
    <subfield code="t">1</subfield>
    <subfield code="y">REV</subfield>
  </datafield>
  <datafield tag="952" ind1=" " ind2=" ">
    <subfield code="1">0</subfield>
    <subfield code="2">lcc</subfield>
    <subfield code="4">0</subfield>
    <subfield code="7">1</subfield>
    <subfield code="a">LIC-047</subfield>
    <subfield code="b">LIC-047</subfield>
    <subfield code="c">CONSULTA</subfield>
    <subfield code="d">2018-03-06</subfield>
    <subfield code="f">1a. ed.</subfield>
    <subfield code="h">N:12</subfield>
    <subfield code="k">CS</subfield>
    <subfield code="o">F1219 D47 2003</subfield>
    <subfield code="p">RBFP000000427</subfield>
    <subfield code="r">2018-03-06 00:00:00</subfield>
    <subfield code="t">1</subfield>
    <subfield code="y">REV</subfield>
  </datafield>
  <datafield tag="952" ind1=" " ind2=" ">
    <subfield code="1">0</subfield>
    <subfield code="2">lcc</subfield>
    <subfield code="4">0</subfield>
    <subfield code="7">1</subfield>
    <subfield code="a">LIC-047</subfield>
    <subfield code="b">LIC-047</subfield>
    <subfield code="c">CONSULTA</subfield>
    <subfield code="d">2018-03-06</subfield>
    <subfield code="f">1a. ed.</subfield>
    <subfield code="h">N:13</subfield>
    <subfield code="k">CS</subfield>
    <subfield code="o">F1219 D47 2003</subfield>
    <subfield code="p">RBFP000000428</subfield>
    <subfield code="r">2018-03-06 00:00:00</subfield>
    <subfield code="t">1</subfield>
    <subfield code="y">REV</subfield>
  </datafield>
  <datafield tag="952" ind1=" " ind2=" ">
    <subfield code="1">0</subfield>
    <subfield code="2">lcc</subfield>
    <subfield code="4">0</subfield>
    <subfield code="7">1</subfield>
    <subfield code="a">LIC-047</subfield>
    <subfield code="b">LIC-047</subfield>
    <subfield code="c">CONSULTA</subfield>
    <subfield code="d">2018-03-06</subfield>
    <subfield code="f">1a. ed.</subfield>
    <subfield code="h">N:14</subfield>
    <subfield code="k">CS</subfield>
    <subfield code="o">F1219 D47 2004</subfield>
    <subfield code="p">RBFP000000429</subfield>
    <subfield code="r">2018-03-06 00:00:00</subfield>
    <subfield code="t">1</subfield>
    <subfield code="y">REV</subfield>
  </datafield>
  <datafield tag="952" ind1=" " ind2=" ">
    <subfield code="1">0</subfield>
    <subfield code="2">lcc</subfield>
    <subfield code="4">0</subfield>
    <subfield code="7">1</subfield>
    <subfield code="a">LIC-047</subfield>
    <subfield code="b">LIC-047</subfield>
    <subfield code="c">CONSULTA</subfield>
    <subfield code="d">2018-03-06</subfield>
    <subfield code="f">1a. ed.</subfield>
    <subfield code="h">N:15/16</subfield>
    <subfield code="k">CS</subfield>
    <subfield code="o">F1219 D47 2004</subfield>
    <subfield code="p">RBFP000000430</subfield>
    <subfield code="r">2018-03-06 00:00:00</subfield>
    <subfield code="t">1</subfield>
    <subfield code="y">REV</subfield>
  </datafield>
  <datafield tag="952" ind1=" " ind2=" ">
    <subfield code="1">0</subfield>
    <subfield code="2">lcc</subfield>
    <subfield code="4">0</subfield>
    <subfield code="7">1</subfield>
    <subfield code="a">LIC-047</subfield>
    <subfield code="b">LIC-047</subfield>
    <subfield code="c">CONSULTA</subfield>
    <subfield code="d">2018-03-06</subfield>
    <subfield code="f">1a. ed.</subfield>
    <subfield code="h">N:17</subfield>
    <subfield code="k">CS</subfield>
    <subfield code="o">F1219 D47 2005</subfield>
    <subfield code="p">RBFP000000431</subfield>
    <subfield code="r">2018-03-06 00:00:00</subfield>
    <subfield code="t">1</subfield>
    <subfield code="y">REV</subfield>
  </datafield>
  <datafield tag="952" ind1=" " ind2=" ">
    <subfield code="1">0</subfield>
    <subfield code="2">lcc</subfield>
    <subfield code="4">0</subfield>
    <subfield code="7">1</subfield>
    <subfield code="a">LIC-047</subfield>
    <subfield code="b">LIC-047</subfield>
    <subfield code="c">CONSULTA</subfield>
    <subfield code="d">2018-03-06</subfield>
    <subfield code="f">1a. ed.</subfield>
    <subfield code="h">N:18</subfield>
    <subfield code="k">CS</subfield>
    <subfield code="o">F1219 D47 2005</subfield>
    <subfield code="p">RBFP000000432</subfield>
    <subfield code="r">2018-03-06 00:00:00</subfield>
    <subfield code="t">1</subfield>
    <subfield code="y">REV</subfield>
  </datafield>
  <datafield tag="952" ind1=" " ind2=" ">
    <subfield code="1">0</subfield>
    <subfield code="2">lcc</subfield>
    <subfield code="4">0</subfield>
    <subfield code="7">1</subfield>
    <subfield code="a">LIC-047</subfield>
    <subfield code="b">LIC-047</subfield>
    <subfield code="c">CONSULTA</subfield>
    <subfield code="d">2018-03-06</subfield>
    <subfield code="f">1a. ed.</subfield>
    <subfield code="h">N:19</subfield>
    <subfield code="k">CS</subfield>
    <subfield code="o">F1219 D47 2005</subfield>
    <subfield code="p">RBFP000000433</subfield>
    <subfield code="r">2018-03-06 00:00:00</subfield>
    <subfield code="t">1</subfield>
    <subfield code="y">REV</subfield>
  </datafield>
  <datafield tag="952" ind1=" " ind2=" ">
    <subfield code="1">0</subfield>
    <subfield code="2">lcc</subfield>
    <subfield code="4">0</subfield>
    <subfield code="7">1</subfield>
    <subfield code="a">LIC-047</subfield>
    <subfield code="b">LIC-047</subfield>
    <subfield code="c">CONSULTA</subfield>
    <subfield code="d">2018-03-06</subfield>
    <subfield code="f">1a. ed.</subfield>
    <subfield code="h">N:20</subfield>
    <subfield code="k">CS</subfield>
    <subfield code="o">F1219 D47 2006</subfield>
    <subfield code="p">RBFP000000434</subfield>
    <subfield code="r">2018-03-06 00:00:00</subfield>
    <subfield code="t">1</subfield>
    <subfield code="y">REV</subfield>
  </datafield>
</record>
